00984cam a22002531 450000100060000000300080000600500170001400800390003103500190007003500180008904000390010704100080014608200200015410000330017424500580020726000580026530000270032350400500035065000230040094200120042399900170043595201420045295201360059432933BD-RjUL20211209051922.0140429r19571955enk 001 0 eng a(BD-RjUL)33023 a(OCoLC)767205 aDLCcOYUdOCoLCdDLCdBD-RjULbeng aeng a330.1bWEP 19571 aWeisskopf, Walter A.910010714aThe psychology of economics /cby Walter A Weisskopf. aLondon :bRoutledge & Kegan,c1955 [Impression 1957]. aviii, 266 p. ;c23 cm. aIncludes bibliographical references and index 0aEconomics.9100108 2ddccBK c32933d32933 00102ddc40718NFICaRUCLbRUCLcReadingd1957-08-17ePak. Americang18.12l0o330.1 WEP 1955r2014-04-29 00:00:00tC-1w2021-12-09yBK 00102ddc40708NFICaRUCLbRUCLcStackd1968-06-11eZetlingerg25.00l0o330.1 WEP 1957r2014-04-29 00:00:00tC-2w2014-04-29yBK